00606nam a2200193Ia 4500008004100000020001800041082001600059100001700075245002700092250000600119260002100125300001600146500002400162650001000186942000700196952009600203952009600299999001700395230524s9999 xx 000 0 und d a9788120326521 a624.15bVAR aP.C.Varghese 0aFoundation Engineering a1 aDelhibPHIc2013 a"xiv,570p;" aQuantity Number: 2 acivil cBK 00104070aTATCLbTATCLcGENd2023-05-24l0o624.15 VARp52960r2023-05-24w2023-05-24yBK 00104070aTATCLbTATCLcGENd2023-05-24l0o624.15 VARp52961r2023-05-24w2023-05-24yBK c55715d55715